Normal view MARC view

Entry Personal Name

Number of records used in: 1

001 - CONTROL NUMBER

  • control field: 1237575

003 - CONTROL NUMBER IDENTIFIER

  • control field: OSt

005 - DATE AND TIME OF LATEST TRANSACTION

  • control field: 20260430150448.0

008 - FIXED-LENGTH DATA ELEMENTS

  • fixed length control field: 260430|| aca||aabn | a|a d

040 ## - CATALOGING SOURCE

  • Original cataloging agency: OSt
  • Transcribing agency: OSt

100 ## - HEADING--PERSONAL NAME

  • Personal name: University of Delhi. Faculty of Science. Deptt.of Zoology

670 ## - SOURCE DATA FOUND

  • Source citation: Work cat.: (OSt)1849836: Simran Au.; Seth Rakesh Kumar Gu.; Singh Yogendra Gu.; Seth Rajana Gu. 1237574, Bio-Efficacy of Entompathogenic Nematode, Steinernema Thermophilum on Lepidopteran Pest, Spodoptera Litura (Fabr.) vis-à-vis Ionizing Radiation, 2022
Copyright @ Delhi University Library System